Normal view
MARC view
Entry Personal Name
001 - CONTROL NUMBER
- control field: 20561
003 - CONTROL NUMBER IDENTIFIER
- control field: ARRUPE
005 - DATE AND TIME OF LATEST TRANSACTION
- control field: 20151026160837.0
008 - FIXED-LENGTH DATA ELEMENTS
- fixed length control field: 151026|| aca||aabn | a|a d
040 ## - CATALOGING SOURCE
- Original cataloging agency: ARRUPE
- Transcribing agency: ARRUPE
100 ## - HEADING--PERSONAL NAME
- Personal name: Johnson, Galen A.,
- Dates associated with a name: 1948-
670 ## - SOURCE DATA FOUND
- Source citation: Work cat.: (ARRUPE)0: Merleau-Ponty, Maurice, 1908-1961. 5608, The Merleau-Ponty aesthetics reader :, 1993.